000 00806cam a22002654a 4500
001 12967545
005 20190730111921.0
008 190730s2002 fr b 000 0 fre
010 _a 2002497306
020 _z2020538342
020 _a9782020676090
040 _aCO-BoUCM
_cSaul Niño
_dSaul Niño
_bspa
041 0 _afre
100 1 _aRoy, Olivier
_d1949-
_997845
245 1 2 _aL'islam mondialisé
_cOlivier Roy
246 _aL' islam mondialisé
260 _aParís
_bEditions du Seuil
_c2002
300 _a234 páginas
490 0 _aPoints
546 _aTexto en francés
650 7 _aGlobalización
_xAspectos religiosos
_xIslamismo
_9216
650 7 _aIslamismo
_918035
_xAspectos culturales
942 _2DEWEY
_a4
_cLIBRO
_e1
_h297.1
_mR888l
999 _c313776
_d313776